[Event "EU-Cup 33rd"]
[Site "Antalya"]
[Date "2017.10.14"]
[Round "7.6"]
[White "Yuksel, Ibrahim"]
[Black "O'Driscoll, Kieran"]
[Result "0-1"]
[WhiteElo "1551"]
[BlackElo "2081"]
[PlyCount "50"]
[EventDate "2017.10.08"]
[EventType "team-swiss"]
[EventRounds "7"]
[EventCountry "TUR"]
[SourceTitle "CBM 181"]
[Source "ChessBase"]
[SourceDate "2017.11.10"]
[SourceVersion "1"]
[SourceVersionDate "2017.11.10"]
[SourceQuality "1"]
[WhiteTeam "Genc Ara"]
[BlackTeam "White Rose"]
[WhiteTeamCountry "TUN"]
[BlackTeamCountry "ENG"]

1. e4 c5 2. Nf3 Nc6 3. d4 cxd4 4. Nxd4 e5 5. Nf3 Nf6 6. Bd3 d5 7. Nfd2 Bc5 8. h3 dxe4 9. Bxe4 0-0 10. Bxc6 bxc6 11. 0-0 Ba6 12. c4 Qb6 13. Nc3 Bd4 14. Qc2 c5 15. b3 Bb7 16. Kh1 Qc6 17. f3 Nh5 18. Rb1 Ng3+ 19. Kh2 Nxf1+ 20. Kh1 Ne3 21. Qd3 f5 22. Nb5 Qg6 23. Qe2 Qg3 24. Ba3 Ng4 25. fxg4 Qxh3# 0-1

[Event "EU-Cup 33rd"]
[Site "Antalya"]
[Date "2017.10.10"]
[Round "3.6"]
[White "Yuksel, Ibrahim"]
[Black "Georgescu, Tiberiu Marian"]
[Result "0-1"]
[WhiteElo "1551"]
[BlackElo "2459"]
[PlyCount "96"]
[EventDate "2017.10.08"]
[EventType "team-swiss"]
[EventRounds "7"]
[EventCountry "TUR"]
[SourceTitle "CBM 181"]
[Source "ChessBase"]
[SourceDate "2017.11.10"]
[SourceVersion "1"]
[SourceVersionDate "2017.11.10"]
[SourceQuality "1"]
[WhiteTeam "Genc Ara"]
[BlackTeam "Baia Mare"]
[WhiteTeamCountry "TUN"]
[BlackTeamCountry "ROU"]

1. e4 g6 2. Nc3 Bg7 3. Nf3 a6 4. d4 d6 5. Bc4 b5 6. Bb3 e6 7. a3 Nd7 8. 0-0 Ne7 9. Ng5 h6 10. Nf3 0-0 11. Ne2 Bb7 12. Ng3 Nf6 13. Re1 c5 14. c3 Rc8 15. Bc2 Qc7 16. Be3 cxd4 17. Bxd4 e5 18. Be3 d5 19. Bd2 Rfe8 20. exd5 Nexd5 21. Bb3 Rcd8 22. Qc2 Nf4 23. Bxf4 exf4 24. Ne2 Be4 25. Qc1 g5 26. Nfd4 Rd7 27. f3 Bg6 28. Bc2 Rde7 29. Bxg6 fxg6 30. Qc2 Kh7 31. Qb3 Qc5 32. Qb4 Qb6 33. a4 Rxe2 34. Rxe2 Rxe2 35. axb5 axb5 36. Kf1 Rd2 37. Qe7 Nd5 38. Qf7 Ne3+ 39. Ke1 Rxd4 40. Ra7 Nf5 41. cxd4 Qxd4 42. Ra8 Qg1+ 43. Kd2 Qxg2+ 44. Ke1 Qg1+ 45. Kd2 Qf2+ 46. Kc1 Qxb2+ 47. Kd1 Ne3+ 48. Ke1 Qc1+ 0-1